[Event "Wellington Club Championship - A Grade"]
[Site "Wellington Chess Club"]
[Date "2024.10.31"]
[Round "5.5"]
[White "Winsley, Nicholas"]
[Black "Sellen, Ian"]
[Result "1-0"]
[WhiteElo "2086"]
[BlackElo "2001"]
[WhiteFideId "4315146"]
[BlackFideId "4300610"]
[PlyCount "0"]
[EventDate "2024.09.26"]
[SourceDate ""]

1. e4 e5 2. Nf3 Nc6 3. Bc4 Be7 4. O-O Nf6 5. Re1 O-O 6. d3 d6 7. c3 Na5 8. Bb5
c6 9. Ba4 b5 10. Bc2 Bg4 11. Nbd2 c5 12. Nf1 Nc6 13. h3 Be6 14. d4 cxd4 15.
cxd4 Nxd4 16. Nxd4 exd4 17. Qxd4 Qc7 18. Bd3 a6 19. Be3 Qc5 20. b3 Qxd4 21.
Bxd4 Nd7 22. f4 Nc5 23. Bc2 Rfc8 24. Ne3 Bf8 25. f5 Bd7 26. Nd5 Rab8 27. b4 Nb7
28. Bb3 Bc6 29. Ba7 Bxd5 30. Bxd5 Be7 31. Bxb8 Rxb8 32. Rac1 Nd8 33. e5 Kf8 34.
e6 fxe6 35. Bxe6 Bf6 36. Rc8 Rxc8 37. Bxc8 Nc6 38. Rb1 Bc3 39. a3 Nb8 40. Bb7
Ke7 41. Kf2 Bd4+ 42. Kf3 Kf6 43. g4 h5 44. Ke4 Be5 45. Kd5 hxg4 46. hxg4 Kg5
47. Bc8 g6 48. Rf1 Kf6 49. fxg6+ Kxg6 50. Rf8 Kg7 51. Rd8 Kf6 52. Bf5 1-0

[Event "Wellington Club Championship - A Grade"]
[Site "Wellington Chess Club"]
[Date "2024.11.07"]
[Round "6.1"]
[White "Timergazi, Layla"]
[Black "Sellen, Ian"]
[Result "1/2-1/2"]
[WhiteElo "2187"]
[BlackElo "2001"]
[WhiteFideId "4303733"]
[BlackFideId "4300610"]
[PlyCount "0"]
[EventDate "2024.09.26"]
[SourceDate ""]

1. d4 d5 2. Nc3 e6 3. Bf4 c5 4. e3 Bd6 5. Bg3 Nf6 6. Nf3 Nc6 7. Bb5 O-O 8. Bh4
cxd4 9. exd4 Be7 10. O-O Qc7 11. Re1 a6 12. Bxc6 bxc6 13. Ne5 c5 14. Na4 cxd4
15. Qxd4 Bb7 16. Rac1 Ne4 17. Bxe7 Qxe7 18. f3 Nf6 19. Re3 Rac8 20. Rb3 Rc7 21.
Rb6 Rfc8 22. b4 Nd7 23. Nxd7 Rxd7 24. Nc5 Rdc7 25. Re1 a5 26. a3 axb4 27. axb4
h6 28. h3 Ba8 29. Kh1 Rc6 30. Rb5 Qc7 31. f4 Rb8 32. Ra5 Bb7 33. Re3 Kh8 34.
Rc3 Bc8 35. Rca3 f6 36. Ra7 Qd6 37. Rg3 Rc7 38. Ne4 Qxf4 39. Rxc7 Qxc7 40. Rc3
Qf4 41. Qc5 Qxe4 42. Qf8+ Kh7 43. Rg3 Rb7 44. Qxc8 Qxb4 45. Qxe6 Qe4 46. Qc6
Rb1+ 47. Kh2 Qe1 48. Rf3 Qe5+ 49. Rg3 Qe1 50. Rf3 Qe5+ 1/2-1/2

[Event "Wellington Club Championship - A Grade"]
[Site "Wellington Chess Club"]
[Date "2024.11.07"]
[Round "6.2"]
[White "Nicholls, Leighton"]
[Black "Winsley, Nicholas"]
[Result "1/2-1/2"]
[WhiteElo "1961"]
[BlackElo "2086"]

1. b4 e5 2. Bb2 Bxb4 3. Bxe5 Nf6 4. Nf3 O-O 5. e3 d5 6. Be2 c5 7. O-O Nc6 8.
Bb2 Bf5 9. c4 dxc4 10. Bxc4 Bd3 11. Bxd3 Qxd3 12. Nc3 Rfd8 13. Qb1 Rab8 14. Rd1
b5 15. Qxd3 Rxd3 16. Rac1 a6 17. Kf1 c4 18. Ne2 Ne4 19. Rc2 Ba3 20. Bxa3 Rxa3
21. Rb1 Na5 22. Ned4 b4 23. Ne5 b3 24. axb3 cxb3 25. f3 Nd6 26. Rc3 f6 27. Ndc6
Rb5 28. Nxa5 Raxa5 29. Nc6 Ra2 30. Rbxb3 Rxb3 31. Rxb3 Rxd2 32. e4 Ra2 33. Nb4
Ra1+ 34. Kf2 a5 35. Nc2 Ra2 36. Rc3 Nb5 37. Rc8+ Kf7 38. Ke3 a4 39. Kd3 Rb2 40.
Rb8 Rb3+ 41. Kd2 g5 42. h3 h5 43. Rb6 h4 44. Kc1 Nd4 45. Rxb3 Nxb3+ 46. Kb2 Ke6
47. Ka3 Nc5 48. Kb4 Nd3+ 49. Kxa4 Ke5 50. Ne3 Nf4 51. Ng4+ Ke6 52. Ne3 Nh5 53.
Kb3 Ke5 54. Kc3 Kf4 55. Kd3 Kg3 56. Ke2 1/2-1/2

[Event "Wellington Club Championship - A Grade"]
[Site "Wellington Chess Club"]
[Date "2024.11.07"]
[Round "6.3"]
[White "Croad, Nicolas"]
[Black "Van der Hoorn, Thomas"]
[Result "1-0"]
[WhiteElo "2394"]
[BlackElo "2096"]
[WhiteFideId "4300793"]
[BlackFideId "4314565"]
[PlyCount "0"]
[EventDate "2024.09.26"]
[SourceDate ""]

1. d4 Nf6 2. c4 e6 3. Nc3 Bb4 4. e3 c5 5. Bd3 O-O 6. Nf3 d5 7. O-O dxc4 8. Bxc4
a6 9. a3 Bxc3 10. bxc3 b5 11. Bd3 Bb7 12. c4 bxc4 13. Bxc4 Qc7 14. Bb2 Nbd7 15.
Rc1 Rfd8 16. h3 Rac8 17. Qe2 Qb8 18. dxc5 Nxc5 19. Bxf6 gxf6 20. Nh2 Qe5 21. f4
Qf5 22. Ng4 Kh8 23. Qb2 Rg8 24. Nh6 Rxg2+ 25. Qxg2 Qh5 26. Qb2 Qxh6 27. Kh2 Be4
28. Bxe6 Rg8 29. Rxc5 Rg2+ 30. Qxg2 Bxg2 31. Rc8+ Kg7 32. Rg1 fxe6 33. Rxg2+
Kf7 34. Rc7+ Kf8 35. Rb2 1-0

[Event "Wellington Club Championship - A Grade"]
[Site "Wellington Chess Club"]
[Date "2024.11.07"]
[Round "6.4"]
[White "Ker, Anthony F"]
[Black "Young, Cohen"]
[Result "1-0"]
[WhiteElo "2384"]
[BlackElo "2136"]
[WhiteFideId "4300084"]
[BlackFideId "4317440"]
[PlyCount "0"]
[EventDate "2024.09.26"]
[SourceDate ""]

1. e4 e5 2. d4 exd4 3. Nf3 Nc6 4. Bc4 Nf6 5. e5 d5 6. Bb5 Ne4 7. Nxd4 Bc5 8.
Be3 O-O 9. Nxc6 bxc6 10. Bxc5 Nxc5 11. Bxc6 Rb8 12. Qxd5 Qe7 13. O-O Rxb2 14.
Nc3 Rd8 15. Qf3 Ne6 16. Nd5 Qc5 17. Rad1 Rxc2 18. Ba4 Nd4 19. Rxd4 Qxd4 20.
Bxc2 Rxd5 21. Bb3 Rd7 22. e6 1-0

[Event "Wellington Club Championship - A Grade"]
[Site "Wellington Chess Club"]
[Date "2024.11.07"]
[Round "6.5"]
[White "Dive, Russell J"]
[Black "Winter, Ryan"]
[Result "1-0"]
[WhiteElo "2315"]
[BlackElo "2289"]
[WhiteFideId "4300106"]
[BlackFideId "4306295"]
[PlyCount "0"]
[EventDate "2024.09.26"]
[SourceDate ""]

1. d4 Nf6 2. c4 e6 3. Nc3 d5 4. Bg5 Bb4 5. e3 O-O 6. Bd3 dxc4 7. Bxc4 c5 8. Ne2
Nc6 9. O-O cxd4 10. exd4 Be7 11. a3 b6 12. Qd3 Bb7 13. Rad1 Nd5 14. Bc1 Na5 15.
Ba2 Nxc3 16. Nxc3 Bf6 17. b4 Nc6 18. d5 exd5 19. Nxd5 Ne5 20. Qg3 Ng6 21. Rfe1
Rc8 22. Ne7+ Bxe7 23. Rxd8 Rfxd8 24. Bg5 Bxg5 25. Qxg5 Rd7 26. h4 Rcd8 27. h5
Bd5 28. Bxd5 Rxd5 29. Re8+ Rxe8 30. Qxd5 Ne5 31. f3 Kf8 32. Qd6+ Kg8 33. Qc7 b5
34. Qxa7 Nc4 35. a4 bxa4 36. Qxa4 Kf8 37. b5 Ne5 38. b6 Rd8 39. b7 Nd7 40. Qxd7
1-0

[Event "Wellington Club Championship - A Grade"]
[Site "Wellington Chess Club"]
[Date "2024.11.21"]
[Round "7.1"]
[White "Winter, Ryan"]
[Black "Timergazi, Layla"]
[Result "1-0"]
[WhiteElo "2289"]
[BlackElo "2187"]
[WhiteFideId "4306295"]
[BlackFideId "4303733"]
[PlyCount "0"]
[EventDate "2024.09.26"]
[SourceDate ""]

1. e4 c6 2. d4 d5 3. e5 Bf5 4. Nf3 e6 5. Be2 c5 6. Be3 Nc6 7. O-O Be4 8. dxc5
Bxf3 9. Bxf3 Nxe5 10. Be2 Nc6 11. c3 Nge7 12. Bd3 g6 13. Nd2 Bg7 14. Nf3 O-O
15. Qd2 e5 16. Bc2 Qc7 17. Bh6 Rfd8 18. Bxg7 Kxg7 19. Rfd1 e4 20. Nd4 Ne5 21.
b4 Ng4 22. g3 Qe5 23. Re1 Qf6 24. f3 exf3 25. Nxf3 Nc6 26. Nd4 Re8 27. Rf1 Qe5
28. Nxc6 bxc6 29. Rae1 Qh5 30. Bd1 f5 31. Ba4 Rac8 32. h4 Ne5 33. Qd4 Qg4 34.
Re3 Qxd4 35. cxd4 Nc4 36. Rxe8 Rxe8 37. Bxc6 Re2 38. Bxd5 Ne3 39. Bf3 Rd2 40.
Rc1 f4 41. gxf4 Rxd4 42. c6 1-0

[Event "Wellington Club Championship - A Grade"]
[Site "Wellington Chess Club"]
[Date "2024.11.21"]
[Round "7.2"]
[White "Young, Cohen"]
[Black "Dive, Russell J"]
[Result "0-1"]
[WhiteElo "2136"]
[BlackElo "2315"]
[WhiteFideId "4317440"]
[BlackFideId "4300106"]
[PlyCount "0"]
[EventDate "2024.09.26"]
[SourceDate ""]

1. e4 c6 2. d4 d5 3. e5 Bf5 4. Nf3 e6 5. Be2 h6 6. O-O Ne7 7. c4 dxc4 8. Bxc4
Nd7 9. Nc3 Nb6 10. Bd3 Bxd3 11. Qxd3 Ned5 12. Ne4 Be7 13. Be3 Nb4 14. Qe2 Qd5
15. Nc3 Qc4 16. a3 Qxe2 17. Nxe2 N4d5 18. Rac1 a5 19. Bd2 O-O 20. Ng3 Rfd8 21.
Ne4 a4 22. Nc5 Ra7 23. Rfd1 Nc7 24. Be3 Nbd5 25. Rd2 Nb5 26. Rc4 Nb6 27. Rc1
Rd5 28. Rdc2 Kf8 29. Kf1 Ke8 30. Ke2 Kd8 31. h4 Kc7 32. Nd3 Ra8 33. Nf4 Rd7 34.
Nh5 Rg8 35. g4 Kc8 36. g5 hxg5 37. hxg5 Nc7 38. Nf4 Ncd5 39. Nxd5 Rxd5 40. Rh1
Kd7 41. Kd3 c5 42. Ke4 cxd4 43. Bxd4 Rc8 44. Rxc8 Nxc8 45. Rh7 Bf8 46. g6 fxg6
47. Ng5 Ne7 48. Rh8 Nf5 49. Bc3 Be7 50. Nf3 Rc5 51. Kd3 Rd5+ 52. Ke4 Rd1 53.
Ra8 Rf1 54. Ra7 Kc7 55. Rxa4 Rxf2 56. Rc4+ Kd7 57. Nd4 g5 58. Kd3 g4 59. Ne2
Rf3+ 60. Kd2 Bg5+ 61. Ke1 Ne3 62. Rd4+ Ke8 0-1

[Event "Wellington Club Championship - A Grade"]
[Site "Wellington Chess Club"]
[Date "2024.11.21"]
[Round "7.3"]
[White "Van der Hoorn, Thomas"]
[Black "Ker, Anthony F"]
[Result "1/2-1/2"]
[WhiteElo "2096"]
[BlackElo "2384"]

1. e4 c5 2. Nf3 g6 3. d4 cxd4 4. Nxd4 Nc6 5. c4 Nf6 6. Nc3 d6 7. Be2 Nxd4 8.
Qxd4 Bg7 9. Be3 O-O 10. Qd3 Nd7 11. O-O Nc5 12. Qc2 Bxc3 13. Qxc3 Nxe4 14. Qd4
Nf6 15. Rad1 Qa5 16. Bf3 Qe5 17. Rfe1 Ng4 18. Bxg4 Qxd4 19. Rxd4 e5 20. Rxd6
Bxg4 21. h3 Be6 22. Bh6 Rfd8 23. Rxd8+ Rxd8 24. Rxe5 Bxc4 25. Re7 Bd5 26. Kh2
Bc6 27. b4 a6 28. a4 Rd4 29. b5 axb5 30. axb5 Bxb5 31. Rxb7 Be8 32. Rb8 Re4 33.
Kg3 f6 34. Rb7 g5 35. Rg7+ Kh8 36. Rc7 Kg8 37. f4 gxf4+ 38. Bxf4 Rd4 39. Re7
Bb5 40. Bh6 Rd7 41. Rxd7 Bxd7 1/2-1/2

[Event "Wellington Club Championship - A Grade"]
[Site "Wellington Chess Club"]
[Date "2024.11.21"]
[Round "7.4"]
[White "Winsley, Nicholas"]
[Black "Croad, Nicolas"]
[Result "1/2-1/2"]
[WhiteElo "2086"]
[BlackElo "2394"]
[WhiteFideId "4315146"]
[BlackFideId "4300793"]
[PlyCount "0"]
[EventDate "2024.09.26"]
[SourceDate ""]

1. d4 Nf6 2. c4 g6 3. Nc3 Bg7 4. e4 d6 5. Nf3 O-O 6. Be2 e5 7. Be3 Ng4 8. Bg5
f6 9. Bh4 Qe8 10. h3 Nh6 11. dxe5 dxe5 12. Nd5 Rf7 13. c5 c6 14. Ne3 Bf8 15. b4
b6 16. Nc4 bxc5 17. Nd6 Bxd6 18. Qxd6 Qf8 19. Rd1 Ba6 20. bxc5 Bxe2 21. Kxe2
Na6 22. Qxc6 Nxc5 23. Qd5 Na4 24. Qb3 Qe8 25. Rb1 Nc5 26. Qc4 Ne6 27. Rhc1 Rc7
28. Qb3 Rxc1 29. Rxc1 Rb8 30. Qd5 Nf7 31. Kf1 g5 32. Bg3 Rd8 33. Qc6 Kf8 34.
Qxe8+ Kxe8 35. Rc6 Ke7 36. Ra6 Rd7 37. Ra5 Nfd8 38. Ne1 Nc6 39. Rd5 Rb7 40. Rd2
a5 41. h4 h6 42. Kg1 Rb1 43. f3 a4 44. Kh2 Nb4 45. a3 Nc6 46. Nc2 Rb2 47. Be1
Ra2 48. Ne3 Rxd2 49. Bxd2 Ned4 50. Nd5+ Ke6 51. Nb6 Nb5 52. Bc1 Na5 53. Nxa4
Nc4 54. Nc5+ Kd6 55. Nb7+ Kc7 56. a4 Nc3 57. Nc5 Kd6 58. Nd3 Nxa4 59. Kh3 Ke6
60. Kg4 Kf7 61. Kh5 Kg7 62. Nf2 Nc5 63. g3 Nb3 64. Nd3 Nxc1 65. Nxc1 Nd2 66.
Kg4 Nf1 67. f4 gxf4 68. gxf4 Nd2 69. fxe5 fxe5 70. Kf5 h5 71. Nd3 Nf3 72. Nxe5
Nxh4+ 73. Kg5 Ng2 74. Kxh5 Nf4+ 75. Kg4 Ne6 76. Nc6 1/2-1/2

[Event "Wellington Club Championship - A Grade"]
[Site "Wellington Chess Club"]
[Date "2024.11.21"]
[Round "7.5"]
[White "Sellen, Ian"]
[Black "Nicholls, Leighton"]
[Result "1/2-1/2"]
[WhiteElo "2001"]
[BlackElo "1961"]
[WhiteFideId "4300610"]
[BlackFideId "4303776"]
[PlyCount "0"]
[EventDate "2024.09.26"]
[SourceDate ""]

1. c4 f5 2. Nc3 Nf6 3. g3 g6 4. Bg2 Bg7 5. d4 d6 6. e3 O-O 7. Nge2 c6 8. O-O e5
9. b3 Na6 10. a3 Be6 11. Rb1 Nc7 12. Bb2 Qe7 13. Qc2 Nh5 14. f4 e4 15. Rbd1 Nf6
16. h3 b5 17. d5 Bd7 18. dxc6 Bxc6 19. Nd4 Qd7 20. cxb5 Nxb5 21. Ndxb5 Bxb5 22.
Nxb5 Qxb5 23. Rxd6 Rab8 24. b4 a5 25. Qb3+ Kh8 26. Bc3 Qc5 27. bxc5 Rxb3 28.
Bxa5 Rxa3 29. Bb6 Ne8 30. Rd8 Rxe3 31. Rc1 Bf6 32. Rd7 Rxg3 33. c6 g5 34. c7
Nxc7 35. Bxc7 Rg8 36. fxg5 R3xg5 37. Rc2 R5g7 38. Rxg7 Bd4+ 39. Kf1 Kxg7 40.
Bf4 Ra8 41. Ke2 Ra6 42. h4 Kf6 43. Rd2 Be5 44. Bg5+ Kg6 45. Kf2 h6 46. Bf1 Ra3
47. Be7 e3+ 48. Ke2 exd2 49. Bxa3 Bg3 50. Kxd2 Bxh4 51. Ke2 Bg5 52. Kf3 Kf6 53.
Bb2+ Kg6 54. Kg3 Bf6 55. Ba3 Be5+ 56. Kf3 Bc3 57. Bc5 Be5 58. Bh3 Kf6 59. Bf2
Kg6 60. Be3 Bf6 61. Bf1 Bg5 62. Bc5 Bd8 63. Bd6 Bg5 64. Bb5 Kf6 65. Bd7 Kg6 66.
Be8+ Kf6 67. Bb4 Ke6 68. Kg3 Kf6 69. Bh5 Ke6 70. Kf3 Kf6 71. Bc3+ Ke6 72. Ke2
Bf6 73. Ba5 Bg5 74. Kd3 Bf4 75. Be1 Bg5 76. Bg3 Kf6 77. Kd4 Ke6 78. Be2 Bf6+
79. Kc5 Be5 80. Bc4+ Kf6 81. Bh4+ Kg6 82. Kd5 Bf6 83. Bf2 Bg5 84. Ke6 Bc1 85.
Bd3 Kg5 86. Bxf5 Bd2 87. Bd4 Kf4 88. Kf6 Kf3 89. Kg6 Bg5 90. Bc5 Ke2 91. Be4
Kd2 92. Kf5 Be3 93. Bb4+ Ke2 94. Bc2 Bd2 95. Bf8 Bg5 96. Ke4 Kd2 97. Bd3 Kc3
98. Bg7+ Kd2 99. Bd4 Ke1 100. Kf3 Kd2 101. Bc4 Kc2 102. Ke2 Bf4 103. Bf6 Bg5
104. Be5 Be7 105. Bd3+ Kb3 1/2-1/2

[Event "Wellington Club Championship - A Grade"]
[Site "Wellington Chess Club"]
[Date "2024.12.05"]
[Round "8.1"]
[White "Timergazi, Layla"]
[Black "Nicholls, Leighton"]
[Result "1/2-1/2"]
[WhiteElo "2187"]
[BlackElo "1961"]
[WhiteFideId "4303733"]
[BlackFideId "4303776"]
[PlyCount "0"]
[EventDate "2024.09.26"]
[SourceDate ""]

1. d4 f5 2. c4 Nf6 3. Nc3 g6 4. h4 Bg7 5. h5 d6 6. h6 Bf8 7. Bg5 e6 8. e4 Be7
9. exf5 exf5 10. d5 O-O 11. Qd4 Rf7 12. f4 Na6 13. O-O-O Nc5 14. Nf3 a5 15. Bd3
Nxd3+ 16. Qxd3 Ng4 17. Qd2 Bd7 18. Rde1 b6 19. Ne2 c6 20. Ned4 cxd5 21. cxd5
Rc8+ 22. Kb1 Bf6 23. Ne6 Bxe6 24. dxe6 Re7 25. Bxf6 Nxf6 26. Ng5 Rec7 27. Nf7
Qe7 28. Qxd6 Qxd6 29. Nxd6 Rd8 30. Rd1 Rc6 31. Nxf5 (31. Ne4 $3 Rxd1+ 32. Rxd1
Rxe6 33. Rd8+ Ne8 34. Ng5 Re2 {and apparently White wins} ) 31... Rxd1+ 32.
Rxd1 Rxe6 33. Rd8+ Kf7 34. Nd4 Re1+ 35. Kc2 Rg1 36. Rb8 Rxg2+ 37. Kb3 Nd7 38.
Rb7 Ke8 39. Kc3 Rh2 40. f5 Rxh6 41. Kc4 gxf5 42. Nxf5 Rc6+ 43. Kd4 Rc2 44. Nd6+
Kd8 45. Nf7+ Ke7 46. Ne5 Rd2+ 47. Ke3 Rd5 48. Nxd7 Rxd7 49. Rxb6 Rd6 50. Rb7+
Rd7 51. Rb5 Ra7 52. Rh5 Kd6 53. Kd4 Kc6 54. a4 Rd7+ 55. Kc4 Kb6 56. Rh6+ Ka7
57. b3 Rc7+ 58. Kb5 Rb7+ 59. Kxa5 Rxb3 60. Rxh7+ Rb7 61. Rxb7+ 1/2-1/2

[Event "Wellington Club Championship - A Grade"]
[Site "Wellington Chess Club"]
[Date "2024.12.05"]
[Round "8.2"]
[White "Croad, Nicolas"]
[Black "Sellen, Ian"]
[Result "1-0"]
[WhiteElo "2394"]
[BlackElo "2001"]
[WhiteFideId "4300793"]
[BlackFideId "4300610"]
[PlyCount "0"]
[EventDate "2024.09.26"]
[SourceDate ""]

1. d4 d5 2. c4 e6 3. Nf3 Nf6 4. Nc3 Be7 5. Bf4 O-O 6. e3 Re8 7. Qc2 c5 8. cxd5
Nxd5 9. Nxd5 Qxd5 10. Bd3 cxd4 11. Bxh7+ Kf8 12. O-O Nc6 13. Be4 Qc5 14. Qb1 e5
15. Rc1 Qd6 16. Bxc6 bxc6 17. Qh7 Bf6 18. Bg5 d3 19. Qh8+ Ke7 20. Qxg7 Bf5 21.
Nxe5 Qxe5 22. Rxc6 Be6 23. Bxf6+ Qxf6 24. Rc7+ Kd6 25. Qxf6 Kxc7 26. Rc1+ Kb7
27. Qf3+ Kb6 28. Qc6+ 1-0

[Event "Wellington Club Championship - A Grade"]
[Site "Wellington Chess Club"]
[Date "2024.12.05"]
[Round "8.3"]
[White "Ker, Anthony F"]
[Black "Winsley, Nicholas"]
[Result "1-0"]
[WhiteElo "2384"]
[BlackElo "2086"]
[WhiteFideId "4300084"]
[BlackFideId "4315146"]
[PlyCount "0"]
[EventDate "2024.09.26"]
[SourceDate ""]

1. e4 c5 2. Nc3 Nc6 3. Bb5 Nd4 4. Nf3 Nxb5 5. Nxb5 a6 6. Nc3 e6 7. d4 cxd4 8.
Qxd4 Ne7 9. Bg5 Nc6 10. Qe3 Qa5 11. O-O f5 12. a3 fxe4 13. Nxe4 d5 14. b4 Qc7
15. Bf4 Qd8 16. Rad1 Be7 17. Nc5 1-0

[Event "Wellington Club Championship - A Grade"]
[Site "Wellington Chess Club"]
[Date "2024.12.05"]
[Round "8.4"]
[White "Dive, Russell J"]
[Black "Van der Hoorn, Thomas"]
[Result "1/2-1/2"]
[WhiteElo "2315"]
[BlackElo "2096"]
[WhiteFideId "4300106"]
[BlackFideId "4314565"]
[PlyCount "0"]
[EventDate "2024.09.26"]
[SourceDate ""]

1. d4 Nf6 2. c4 e6 3. Nc3 Bb4 4. e3 b6 5. Ne2 Bb7 6. a3 Be7 7. d5 O-O 8. e4 d6
9. Ng3 Nbd7 10. Be2 a5 11. Be3 exd5 12. cxd5 Re8 13. O-O Bf8 14. Rc1 g6 15. h4
Bg7 16. h5 Nc5 17. hxg6 hxg6 18. Bg5 Ba6 19. Bxa6 Nxa6 20. Qf3 Re5 21. Be3 Re8
22. Bg5 Re5 23. Bf4 Re8 24. Bg5 1/2-1/2

[Event "Wellington Club Championship - A Grade"]
[Site "Wellington Chess Club"]
[Date "2024.12.05"]
[Round "8.5"]
[White "Winter, Ryan"]
[Black "Young, Cohen"]
[Result "0-1"]
[WhiteElo "2289"]
[BlackElo "2136"]
[WhiteFideId "4306295"]
[BlackFideId "4317440"]
[PlyCount "0"]
[EventDate "2024.09.26"]
[SourceDate ""]

1. e4 e5 2. Nf3 Nc6 3. Bb5 Nf6 4. d3 Bc5 5. O-O Nd4 6. Nxd4 Bxd4 7. Ba4 O-O 8.
c3 Bb6 9. Bg5 h6 10. Bh4 c6 11. Re1 Re8 12. Nd2 g5 13. Bg3 d6 14. Nf1 Bg4 15.
Qd2 Nh5 16. Bd1 Bxd1 17. Raxd1 Qf6 18. Qe2 Nf4 19. Qf3 Nh3+ 20. Kh1 Qxf3 21.
gxf3 Nxf2+ 22. Bxf2 Bxf2 23. Re2 Bb6 24. Ng3 Rad8 25. Nf5 Kh7 26. h4 gxh4 27.
Rh2 Rg8 28. Rxh4 Rg6 29. d4 exd4 30. cxd4 d5 31. e5 c5 32. Rf4 cxd4 33. Ne7 Rg7
34. Nf5 Rg5 35. Nd6 Rxe5 36. Nxf7 Rh5+ 37. Kg2 Rd7 38. Re1 Bc7 0-1

[Event "Wellington Club Championship - A Grade"]
[Site "Wellington Chess Club"]
[Date "2024.12.12"]
[Round "9.1"]
[White "Young, Cohen"]
[Black "Timergazi, Layla"]
[Result "1-0"]
[WhiteElo "2136"]
[BlackElo "2187"]
[WhiteFideId "4317440"]
[BlackFideId "4303733"]
[PlyCount "0"]
[EventDate "2024.09.26"]
[SourceDate ""]

1. e4 c6 2. d4 d5 3. e5 Bf5 4. Nf3 e6 5. Be2 c5 6. Be3 Bg4 7. c4 dxc4 8. Nc3
Nc6 9. dxc5 Qa5 10. Nd2 Bxe2 11. Qxe2 Nxe5 12. Nxc4 Nxc4 13. Qxc4 Nf6 14. b4
Qc7 15. O-O Be7 16. Bf4 Qc6 17. Rfd1 Rc8 18. Nb5 Qa6 19. Nc7+ Rxc7 20. Qxa6
bxa6 21. Bxc7 Nd5 22. Ba5 Bf6 23. Rac1 O-O 24. Kf1 Rc8 25. c6 1-0

[Event "Wellington Club Championship - A Grade"]
[Site "Wellington Chess Club"]
[Date "2024.12.12"]
[Round "9.3"]
[White "Winsley, Nicholas"]
[Black "Dive, Russell J"]
[Result "0-1"]
[WhiteElo "2086"]
[BlackElo "2315"]
[WhiteFideId "4315146"]
[BlackFideId "4300106"]
[PlyCount "0"]
[EventDate "2024.09.26"]
[SourceDate ""]

1. d4 Nf6 2. c4 e6 3. Nc3 Bb4 4. Qc2 c5 5. e3 O-O 6. Nf3 Nc6 7. Bd2 cxd4 8.
exd4 d5 9. a3 Be7 10. c5 a5 11. Na4 Ne4 12. Bd3 f5 13. Nb6 Ra7 14. h4 Bf6 15.
Bc3 Bd7 16. O-O-O Be8 17. g4 Nb4 18. Bxb4 axb4 19. gxf5 bxa3 20. bxa3 Rxa3 21.
Bxe4 dxe4 22. Ng5 Bxg5+ 23. hxg5 Qxg5+ 24. Kb2 Rf3 25. Qxe4 Rxf2+ 26. Kc3 Qxf5
27. Rhe1 Qxe4 28. Rxe4 R8f3+ 0-1

[Event "Wellington Club Championship - A Grade"]
[Site "Wellington Chess Club"]
[Date "2024.12.12"]
[Round "9.4"]
[White "Sellen, Ian"]
[Black "Ker, Anthony F"]
[Result "0-1"]
[WhiteElo "2001"]
[BlackElo "2384"]
[WhiteFideId "4300610"]
[BlackFideId "4300084"]
[PlyCount "0"]
[EventDate "2024.09.26"]
[SourceDate ""]

1. c4 c5 2. Nc3 g6 3. g3 Bg7 4. Bg2 Nc6 5. Nf3 d6 6. d3 e5 7. O-O Nge7 8. Bd2
O-O 9. Rb1 Rb8 10. a3 a5 11. Nb5 d5 12. cxd5 Nxd5 13. Qc2 b6 14. Rfd1 h6 15.
Qc4 Be6 16. Qh4 g5 17. Qa4 Qd7 18. e4 Nde7 19. Be3 Na7 0-1

[Event "Wellington Club Championship - A Grade"]
[Site "Wellington Chess Club"]
[Date "2024.12.12"]
[Round "9.5"]
[White "Nicholls, Leighton"]
[Black "Croad, Nicolas"]
[Result "0-1"]
[WhiteElo "1961"]
[BlackElo "2394"]
[WhiteFideId "4303776"]
[BlackFideId "4300793"]
[PlyCount "0"]
[EventDate "2024.09.26"]
[SourceDate ""]

1. b4 e5 2. Bb2 Bxb4 3. Bxe5 Nf6 4. c4 O-O 5. e3 Nc6 6. Bb2 d5 7. Nf3 Bg4 8.
Be2 dxc4 9. Na3 c3 10. dxc3 Bc5 11. O-O Qe7 12. Nc2 Rad8 13. Ncd4 Na5 14. Qc2
Ba3 15. h3 Bc8 16. Rfd1 Bxb2 17. Qxb2 c5 18. Nb3 Nc6 19. Rxd8 Rxd8 20. Rd1 Re8
21. Nbd2 h6 22. Nc4 Ne4 23. Nfd2 Nf6 24. Bf3 Nb8 25. Nb3 Be6 26. Nca5 b6 27.
Nc6 Nxc6 28. Bxc6 Rd8 29. Rxd8+ Qxd8 30. Bf3 Nd7 31. Qd2 Qc7 32. Bd5 Bxd5 33.
Qxd5 Nf6 34. Qf5 Qd8 35. Qc2 g6 36. a4 Qd5 37. Nd2 c4 38. Qa2 a6 39. e4 Nxe4
40. Qxc4 Qxc4 41. Nxc4 b5 42. axb5 axb5 43. Na3 Nxc3 44. Kf1 b4 45. Nc4 Kf8 46.
Ke1 Ke7 47. Kd2 Na4 48. Kc2 Nc5 49. Ne5 Ke6 50. Nc6 b3+ 51. Kc3 Kd5 52. Na5 Ke4
53. Nc4 Kf4 54. Kd4 Ne4 55. f3 Nd6 56. Nb2 Kg3 57. Kc3 Kxg2 58. f4 Kxh3 59.
Kxb3 Kg3 60. Nd3 h5 0-1

[Event "Wellington Club Championship - B Grade"]
[Site "Wellington Chess Club"]
[Date "2024.10.01"]
[Round "1.1"]
[White "Jackson, L Ross"]
[Black "Chang, Luke"]
[Result "0-1"]
[WhiteElo "1942"]
[BlackElo "1930"]
[WhiteFideId "4301501"]
[BlackFideId "4325605"]
[EventDate "2024.09.26"]
[SourceDate ""]

1. d4 d5 2. c4 c6 3. Nc3 Nf6 4. Nf3 dxc4 5. a4 Bf5 6. e3 e6 7. Bxc4 Bb4 8. O-O
O-O 9. Bb3 Nbd7 10. Bc2 Bxc2 11. Qxc2 Qe7 12. Na2 Bd6 13. e4 e5 14. dxe5 Nxe5
15. Nc3 Nxf3+ 16. gxf3 Nh5 17. Ne2 Qh4 18. Ng3 Rae8 19. Qd2 Bf4 20. Qd7 Re6 21.
Rd1 Nxg3 22. fxg3 Bxg3 23. Be3 Qxh2+ 24. Kf1 Qh1+ 25. Ke2 Qg2+ 26. Kd3 Rd6+ 27.
Qxd6 Bxd6 28. Rg1 Qxb2 29. Bd4 Qb3+ 30. Bc3 Be5 0-1

[Event "Wellington Club Championship - B Grade"]
[Site "Wellington Chess Club"]
[Date "2024.10.01"]
[Round "1.2"]
[White "Tanoi, T Edward"]
[Black "Winsley, Daniel"]
[Result "1-0"]
[WhiteElo "1917"]
[BlackElo "1781"]
[WhiteFideId "4302087"]
[BlackFideId "4315138"]
[EventDate "2024.09.26"]
[SourceDate ""]

1. d4 e6 2. Nf3 d5 3. Bf4 c5 4. e3 Nc6 5. c3 Bd7 6. Nbd2 cxd4 7. exd4 Be7 8.
Bd3 h5 9. h4 Rc8 10. Ng5 Nf6 11. Ndf3 Ng4 12. Qe2 O-O 13. Ne5 Ncxe5 14. dxe5 f5
15. O-O Qb6 16. Nf3 Bc5 17. Rad1 Be8 18. Rc1 a5 19. Rb1 a4 20. b4 Bxf2+ 21.
Rxf2 Qxf2+ 22. Qxf2 Nxf2 23. Kxf2 Rxc3 24. Ke2 Bd7 25. Bd2 Rc7 26. b5 Rfc8 27.
Nd4 Rc5 28. Rb4 Ra8 29. Rb1 Rac8 30. Rb4 Ra8 31. Ke3 Kf7 32. Kf4 Kg6 33. Ke3
Kf7 34. Ne2 Rac8 35. Nf4 g6 36. Ne2 Be8 37. Nd4 Ra8 38. Kf4 Bd7 39. Kg5 Be8 40.
Ne2 Rac8 41. Nf4 Bd7 42. Be3 Rc3 43. Bd4 Ra3 44. Rb2 Rc1 45. Rd2 Rc8 46. g4
hxg4 47. Nxg6 g3 48. Bf1 Rc1 49. Bg2 Re1 50. h5 Kg7 51. h6+ Kg8 52. h7+ Kxh7
53. Nf8+ Kg7 54. Nxd7 Rc1 55. Nc5 Rc4 56. Nxe6+ 1-0

[Event "Wellington Club Championship - B Grade"]
[Site "Wellington Chess Club"]
[Date "2024.10.01"]
[Round "1.3"]
[White "Ulm, Joy"]
[Black "Aldridge, Alan L"]
[Result "0-1"]
[WhiteElo "1890"]
[BlackElo "1822"]
[WhiteFideId "4321081"]
[BlackFideId "4301528"]
[EventDate "2024.09.26"]
[SourceDate ""]

1. d4 Nf6 2. c4 e6 3. Nc3 Bb4 4. Qb3 c5 5. Nf3 b6 6. Bg5 Bb7 7. a3 Bxc3+ 8.
Qxc3 h6 9. Bh4 cxd4 10. Nxd4 Nc6 11. e3 Rc8 12. Rd1 Ne4 13. Bxd8 Nxc3 14. bxc3
Rxd8 15. Be2 Ke7 16. Bf3 Rc8 17. Nb5 Ba6 18. a4 Bxb5 19. cxb5 Ne5 20. Kd2 Nxf3+
21. gxf3 Rc4 22. Ra1 Rhc8 23. Ra3 R8c5 24. Kd3 Rh4 25. h3 g6 26. e4 Rch5 27.
Ke2 Rxh3 28. Rxh3 Rxh3 29. a5 Kd6 30. axb6 axb6 31. Ra6 Kc5 32. c4 Rh5 33. Ra7
Kxc4 34. Rxd7 Kxb5 35. Rxf7 e5 36. Rf6 Rg5 37. f4 exf4 38. Rxf4 Kc5 39. Rh4 h5
40. f4 Rg4 41. Rxg4 hxg4 42. Kf2 b5 43. Kg3 b4 44. Kxg4 b3 45. f5 gxf5+ 46.
exf5 b2 47. f6 b1=Q 48. Kg5 Qh7 0-1